| 000 | 00520nam a2200181Ia 4500 | ||
|---|---|---|---|
| 003 | GCL | ||
| 008 | 140319s9999 xx 000 0 ara d | ||
| 040 |
_aGCL / _cGCL |
||
| 082 | 0 | 4 |
_a953.071 _bا ف |
| 100 | 1 | _aاحمد مختار العبادى | |
| 245 | 1 | 0 |
_aفى تاريخ المغرب والاندلس / _cاحمد مختار العبادى |
| 300 | _a367 ص | ||
| 490 |
_a100 قصة _v0 |
||
| 650 | 0 | 4 | _aالاندلس |
| 650 | 0 | 4 | _aالمغرب |
| 650 | 0 | 4 | _aالتاريخ الاسلامى |
| 942 |
_2ddc _cBK |
||
| 999 |
_c45310 _d45310 |
||